000
00284nam a2200109Ia 4500
008
171211s9999 xx 000 0 und d
245
_a
Encyclopedia of Sports Films
245
_c
K Edgington
260
_c
2010
650
_x
ART
856
_u
http://down.ebook777.com/061/0810876523.pdf
999
_c
348591
_d
348591